Hospodárska diplomacia a spoločenský protokol

Salvato in:
Dettagli Bibliografici
Autore principale: Vorlíčková, Jana
Ente Autore: Ekonomická univerzita v Bratislave. Národohospodárska fakulta
Altri autori: Bacová, Viera, Holková, Vieroslava
Natura: Libro
Lingua:slovacco
Pubblicazione: Bratislava Vydavateľstvo EKONÓM 2009
Soggetti:
Tags: Aggiungi Tag
Nessun Tag, puoi essere il primo ad aggiungerne!!

MARC

LEADER 00000nam$a2200000$$$4500
001 0099711
005 20240502072109.8
020 |a 978-80-225-2758-3 
041 0 |a slo 
044 |a SK 
245 1 0 |a Hospodárska diplomacia a spoločenský protokol  |c Jana Vorlíčková 
264 1 |a Bratislava  |b Vydavateľstvo EKONÓM  |c 2009 
300 |a 96 s. 
610 2 0 |a diplomacia hospodárska 
610 2 0 |a etika 
610 2 0 |a etiketa 
610 2 0 |a sebariadenie 
610 2 0 |a komunikácia 
100 1 |a Vorlíčková, Jana 
700 1 |a Bacová, Viera 
700 1 |a Holková, Vieroslava 
710 2 |a Ekonomická univerzita v Bratislave. Národohospodárska fakulta